000 00444nam a2200181Ia 4500
001 21211
005 20260306172902.0
008 260306t2019||||xx |||||||||||||| ||spa||
041 _aESP
082 _a344.2
_bP45D
100 _aPérez López, Jorge
_eAUT
245 0 _aDelitos regulados en leyes penales especiales
260 _c2019
300 _a446 páginas :
_c25 cm.
650 _aGEN
654 _aCDE
942 _cLIB
_dJUS
_fJUS
_2ddc
_n
999 _c21211
_d21211